000 00761nam a2200205Ii 4500
003 JO-AjNU
008 230605s9999||||xx |||||||||||||| ||und||
017 _a2004/3/672
040 _aJO-AjNU
_bara
_erda
_cJO-AjNU
041 _aara
050 1 4 _aKRM2280.A9982 2004
100 3 _aأبو حجيلة، علي,
_eauthor
_947036
245 0 0 _aالرقابة على دستورية القوانين في الأردن: دراسة مقارنة
264 3 1 _aعمان: المؤلف، 2004
300 _a244ص
336 _atext
_btxt
_2rdacontent
337 _aunmediated
_bn
_2rdamedia
338 _avolume
_bnc
_2rdacarrier
650 4 _aدستورية القوانين - الاردن - الرقابة القضائية على دستورية القوانين
_947037
999 _aA20505
_c24073
_d24073